LEADER 00965nam a2200217 4500 001 000000355714 003 CaOOAMICUS 005 20231016094549.0 008 231016s1845 it 000 u ita r 040 $aSeMil$bita 100 11$aRotondi, Pietro.$0(OLS)http://semarc/name/37447 245 10$a2: Giotto e Masaccio /$cdi Pietro Rotondi. 264 1$aMilano :$bTipografia di Ranieri Fanfani,$c1845. 300 $a122 p. ;$c17 cm 600 14$aSchiller, Friedrich <1759-1805>.$0(OLS)http://semarc/subject/29129 773 0 $tPiccole disgrazie di alcuni uomini di genio narrate in biografie.$dMilano : Tipografia di Ranieri Fanfani, 1845.$g2$w()355712 850 $aSeMil 852 $aSeMil$W1$xVenegono$y1$m1Q I 13/2 FA$j243915$B246953$CSeMilBibl$Z2$F246953 $8I 996 $6245$a2: Giotto e Masaccio$9(OLS)http://semarc/title/445947 996 $6264$aMilano :$bTipografia di Ranieri Fanfani$9(OLS)http://semarc/publisher/61327 LEADER 01427nam a2200265 i 4500 001 000000117470 003 CaOOAMICUS 005 20030828000000.0 008 030828n xxk u000 u eng u 013 $a90159 040 $aSeMil$bita 245 14$aThe book of common prayer and administration of the sacraments and other rites and ceremonies of the church according to the use of The Church of England together with the Psalter or Psalms of David.. 260 $aLondon :$bMilford Humphrey,$c[19--] 260 $aOxford :$bprinted at the Oxford University Press,$c[19--] 300 $alvi, 725 p. ;$c23 cm. 500 $aFondo Card. C.M. Martini. 650 4$aLibri liturgici - Liturgia protestante - Anglicana.$0(OLS)http://semarc/subject/16574 710 2 $aChurch of England.$0(OLS)http://semarc/name/40572 850 $aSeMil 852 $aSeMil$W1$xVenegono$y1$m3K IV 69$j72856$B72856$CSeMilBibl$Z2$F101929 $81 941 1 $a4 961 $aOmaggio: Martini Card. Carlo Maria 996 $6245$aThe book of common prayer and administration of the sacraments and other rites and ceremonies of the church according to the use of The Church of England together with the Psalter or Psalms of David..$9(OLS)http://semarc/title/407702 996 $6260$aOxford :$bprinted at the Oxford University Press$9(OLS)http://semarc/publisher/45706 996 $6260$aLondon :$bMilford Humphrey$9(OLS)http://semarc/publisher/45707